LEADER 00878nam0-22002891i-450- 001 990000089470403321 035 $a000008947 035 $aFED01000008947 035 $a(Aleph)000008947FED01 035 $a000008947 100 $a20011111d--------km-y0itay50------ba 101 0 $aita 105 $ay-------001yy 200 1 $aCours d'hydraulique th]orique$eextrait du Cours de mécanique des fluides professé a l'Ecole centrale des arts et manufactures$fC. Monteil. 210 $aNancy$cImprimeries réunies de Nancy$d1920 215 $a154 p.$cill.$d24 cm 610 0 $aIdraulica 676 $a621.2 700 1$aMonteil,$bC.$0332518 801 0$aIT$bUNINA$gRICA$2UNIMARC 901 $aBK 912 $a990000089470403321 952 $a13 N 42 23$b4678$fFINBC 959 $aFINBC 996 $aCours d'hydraulique thoriqueorique$9109561 997 $aUNINA DB $aING01 LEADER 02908nam 2200565 450 001 9910156229903321 005 20230808193322.0 010 $a1-5095-0692-6 035 $a(CKB)3710000000709327 035 $a(SSID)ssj0001672229 035 $a(PQKBManifestationID)16469799 035 $a(PQKBTitleCode)TC0001672229 035 $a(PQKBWorkID)14910358 035 $a(PQKB)11517769 035 $a(MiAaPQ)EBC4530209 035 $a(EXLCZ)993710000000709327 100 $a20160531h20162016 uy 0 101 0 $aeng 135 $aurcnu|||||||| 181 $ctxt 182 $cc 183 $acr 200 14$aThe closing of the net /$fMonica Horten 210 1$aCambridge, England ;$aMalden, Massachusetts :$cPolity,$d2016. 210 4$d©2016 215 $a1 online resource (160 pages) 300 $aBibliographic Level Mode of Issuance: Monograph 311 $a1-5095-0688-8 320 $aIncludes bibliographical references and index. 330 $a"How are political decisions influencing the future direction of internet communication? As the interests of powerful businesses become more embedded in the online world, so these corporations seek greater exemption from liability. They are manipulating governments and policy-makers, blocking and filtering content, and retaining and storing personal data at the cost of individual access and privacy. In this compelling account, Monica Horten confronts the deepening cooperation between large companies and the State. She looks at a number of case studies related to privacy, net neutrality, filtering and copyright. Corrupt political manoeuvrings, she argues, suggest that the original vision of a free and democratic internet is rapidly being eclipsed by a closed, market-led, heavily monitored online ecosystem. And the results are chilling. The Closing of the Net boldly tackles the deep and divisive controversies surrounding individual rights today. The book will prove essential reading for anyone concerned with present and future internet policy and its effects on our freedoms"--$cProvided by publisher. 606 $aInternet$xPolitical aspects 606 $aInternet$xLaw and legislation 606 $aCorporations$xPolitical activity 606 $aCopyright and electronic data processing 606 $aInteractive multimedia$xMoral and ethical aspects 615 0$aInternet$xPolitical aspects. 615 0$aInternet$xLaw and legislation. 615 0$aCorporations$xPolitical activity. 615 0$aCopyright and electronic data processing. 615 0$aInteractive multimedia$xMoral and ethical aspects. 676 $a303.48/33 686 $aCOM060000$2bisacsh 700 $aHorten$b Monica$f1960-$01211168 801 0$bMiAaPQ 801 1$bMiAaPQ 801 2$bMiAaPQ 906 $aBOOK 912 $a9910156229903321 996 $aThe closing of the net$92795578 997 $aUNINA LEADER 02078oam 2200565M 450 001 9910716468603321 005 20200213070943.7 035 $a(CKB)5470000002521458 035 $a(OCoLC)1065620523 035 $a(OCoLC)995470000002521458 035 $a(EXLCZ)995470000002521458 100 $a20071213d1927 ua 0 101 0 $aeng 135 $aurcn||||||||| 181 $ctxt$2rdacontent 182 $cc$2rdamedia 183 $acr$2rdacarrier 200 10$aD. George Shorten. February 12, 1927. -- Committed to the Committee of the Whole House and ordered to be printed 210 1$a[Washington, D.C.] :$c[U.S. Government Printing Office],$d1927. 215 $a1 online resource (2 pages) 225 1 $aHouse report / 69th Congress, 2nd session. House ;$vno. 2057 225 1 $a[United States congressional serial set] ;$v[serial no. 8690] 300 $aBatch processed record: Metadata reviewed, not verified. Some fields updated by batch processes. 300 $aFDLP item number not assigned. 606 $aBurglary 606 $aClaims 606 $aLegislative amendments 606 $aPostal service$xLaw and legislation$zUnited States$xCriminal provisions 606 $aPost office buildings 606 $aPostal service$xEquipment and supplies 606 $aPostal service$xEmployees 608 $aLegislative materials.$2lcgft 615 0$aBurglary. 615 0$aClaims. 615 0$aLegislative amendments. 615 0$aPostal service$xLaw and legislation$xCriminal provisions. 615 0$aPost office buildings. 615 0$aPostal service$xEquipment and supplies. 615 0$aPostal service$xEmployees. 701 $aUnderhill$b Charles Lee$f1867-1946$pRepublican (MA)$01386821 801 0$bWYU 801 1$bWYU 801 2$bOCLCO 801 2$bOCLCQ 801 2$bOCLCO 801 2$bOCLCQ 906 $aBOOK 912 $a9910716468603321 996 $aD. George Shorten. February 12, 1927. -- Committed to the Committee of the Whole House and ordered to be printed$93440931 997 $aUNINA LEADER 05829oam 22012974 450 001 9910788239003321 005 20230721045638.0 010 $a1-4623-0535-0 010 $a1-4527-9953-9 010 $a1-4518-6967-3 010 $a9786612840616 010 $a1-282-84061-4 035 $a(CKB)3170000000055015 035 $a(EBL)1607851 035 $a(SSID)ssj0000944006 035 $a(PQKBManifestationID)11501262 035 $a(PQKBTitleCode)TC0000944006 035 $a(PQKBWorkID)10982725 035 $a(PQKB)11579526 035 $a(OCoLC)815741252 035 $a(MiAaPQ)EBC1607851 035 $a(IMF)WPIEE2008106 035 $a(EXLCZ)993170000000055015 100 $a20020129d2008 uf 0 101 0 $aeng 135 $aur|n|---||||| 181 $ctxt 182 $cc 183 $acr 200 10$aCredit Booms and Lending Standards : $eEvidence From the Subprime Mortgage Market /$fGiovanni Dell'Ariccia, Luc Laeven, Deniz Igan 210 1$aWashington, D.C. :$cInternational Monetary Fund,$d2008. 215 $a1 online resource (39 p.) 225 1 $aIMF Working Papers 225 0$aIMF working paper ;$vWP/08/106 300 $aDescription based upon print version of record. 311 $a1-4519-1421-0 320 $aIncludes bibliographical references. 327 $aContents; I. Introduction; II. Related Literature; III. Data and Descriptive Statistics; IV. Empirical Methodology; V. Empirical Findings; A. Effects of Changes in the Pool of Applicant Borrowers; B. Identification and Robustness Issues; C. Sensitivity Analysis: Time and Size Effects; D. Effects of Entry and Changes in Market Structure; E. Alternative Proxies for Lending Standards; F. Effects of Loan Sales; VI. Discussion and Conclusions; References; Tables; 1. Coverage in HMDA; 2. Definitions and Sources of Variables; 3. Summary Statistics; 4. Evolution of Denial Rates 327 $a5. Determinants of Denial Decision6. Prediction Errors; 7. Robustness; 8. Time and Size Effects; 9. Market and Boom Size; 10. Market Entry and Denial Rates of Incumbents in Prime and Subprime Markets; 11. Alternative Measures of Lending Standards; 12. Securitization, Lending Standards, and Mortgage Market Expansion; Figures; 1. House Prices and Credit Booms; 2. Subprime Mortgage Boom Across the Nation; 3. House Prices and Credit Boom; 4. Lending Standards and Subprime Credit Boom 330 3 $aThis paper links the current sub-prime mortgage crisis to a decline in lending standards associated with the rapid expansion of this market. We show that lending standards declined more in areas that experienced larger credit booms and house price increases. We also find that the underlying market structure mattered, with entry of new, large lenders triggering declines in lending standards by incumbent banks. Finally, lending standards declined more in areas with higher mortgage securitization rates. The results are consistent with theoretical predictions from recent financial accelerator models based on asymmetric information, and shed light on the relationship between credit booms and financial instability. 410 0$aIMF Working Papers; Working Paper ;$vNo. 2008/106 606 $aCredit$zUnited States 606 $aCredit$zUnited States$xEconometric models 606 $aMoral hazard$zUnited States$xEconometric models 606 $aMacroeconomics$2imf 606 $aMoney and Monetary Policy$2imf 606 $aReal Estate$2imf 606 $aIndustries: Financial Services$2imf 606 $aBanks$2imf 606 $aDepository Institutions$2imf 606 $aMicro Finance Institutions$2imf 606 $aMortgages$2imf 606 $aMoney Supply$2imf 606 $aCredit$2imf 606 $aMoney Multipliers$2imf 606 $aHousing Supply and Markets$2imf 606 $aPersonal Income, Wealth, and Their Distributions$2imf 606 $aMonetary Policy, Central Banking, and the Supply of Money and Credit: General$2imf 606 $aFinance$2imf 606 $aProperty & real estate$2imf 606 $aMonetary economics$2imf 606 $aLoans$2imf 606 $aHousing prices$2imf 606 $aPersonal income$2imf 606 $aCredit booms$2imf 606 $aFinancial institutions$2imf 606 $aPrices$2imf 606 $aNational accounts$2imf 606 $aMoney$2imf 606 $aHousing$2imf 606 $aIncome$2imf 607 $aUnited States$2imf 615 0$aCredit 615 0$aCredit$xEconometric models. 615 0$aMoral hazard$xEconometric models. 615 7$aMacroeconomics 615 7$aMoney and Monetary Policy 615 7$aReal Estate 615 7$aIndustries: Financial Services 615 7$aBanks 615 7$aDepository Institutions 615 7$aMicro Finance Institutions 615 7$aMortgages 615 7$aMoney Supply 615 7$aCredit 615 7$aMoney Multipliers 615 7$aHousing Supply and Markets 615 7$aPersonal Income, Wealth, and Their Distributions 615 7$aMonetary Policy, Central Banking, and the Supply of Money and Credit: General 615 7$aFinance 615 7$aProperty & real estate 615 7$aMonetary economics 615 7$aLoans 615 7$aHousing prices 615 7$aPersonal income 615 7$aCredit booms 615 7$aFinancial institutions 615 7$aPrices 615 7$aNational accounts 615 7$aMoney 615 7$aHousing 615 7$aIncome 676 $a332.70973 700 $aDell'Ariccia$b Giovanni$0283573 701 $aLaeven$b Luc$01463965 701 $aIgan$b Deniz$01099130 801 0$bDcWaIMF 906 $aBOOK 912 $a9910788239003321 996 $aCredit Booms and Lending Standards$93673499 997 $aUNINA